| 000 | 00861nam a22001817a 4500 | ||
|---|---|---|---|
| 005 | 20241029090345.0 | ||
| 008 | 241029b ||||| |||| 00| 0 eng d | ||
| 040 | _cSSBUL | ||
| 041 | _aMyanmar | ||
| 082 |
_223 _a၂၉၄.၃၈၂၃ တင် _b၁၃၀၈၀ S-SAT |
||
| 100 |
_aတင်စိုး၊ ဦး၊ ဆရာ- _955096 |
||
| 245 |
_aလက်တွေ့ကျင့်ဘွယ်များနှင့် ဗုဒ္ဒ၏ပရိတ်တော်၃၉သုတ် / _cဆရာဦးတင်စိုး။ |
||
| 260 |
_aရန်ကုန် ၊ _bရတနာသီရိပုံနှိပ်တိုက်၊ _c၁၉၇၅။ |
||
| 300 |
_aဃ၊၂၆၁ စာမျက်နှာ ၊ _c၁၈စင်တီ။ |
||
| 500 | _aS-SAT: Dr. Sai Aung Tun | ||
| 650 |
_aပရိတ်တော် _930525 |
||
| 942 |
_2ddc _cBK1 |
||
| 999 |
_c40991 _d40991 |
||